The blue book of grammar and punctuation : (Record no. 691)

MARC details
000 -LEADER
fixed length control field 02234cam a22003498i 4500
001 - CONTROL NUMBER
control field 21960530
003 - CONTROL NUMBER IDENTIFIER
control field OSt
005 - DATE AND TIME OF LATEST TRANSACTION
control field 20250420134821.0
006 - FIXED-LENGTH DATA ELEMENTS--ADDITIONAL MATERIAL CHARACTERISTICS
fixed length control field m |o d |
007 - PHYSICAL DESCRIPTION FIXED FIELD--GENERAL INFORMATION
fixed length control field cr_|||||||||||
008 - FIXED-LENGTH DATA ELEMENTS--GENERAL INFORMATION
fixed length control field 210325s2021 nju o 001 0 eng
010 ## - LIBRARY OF CONGRESS CONTROL NUMBER
LC control number 2021013914
020 ## - INTERNATIONAL STANDARD BOOK NUMBER
International Standard Book Number 9781119653028
040 ## - CATALOGING SOURCE
Original cataloging agency DLC
Language of cataloging eng
Transcribing agency KCST
Description conventions rda
050 00 - LIBRARY OF CONGRESS CALL NUMBER
Classification number PE1112
082 00 - DEWEY DECIMAL CLASSIFICATION NUMBER
Classification number 428.2
Edition information 23
Item number kA bL
100 1# - MAIN ENTRY--PERSONAL NAME
Personal name Kaufman, Lester,
Dates associated with a name 1948-
Relator term author.
9 (RLIN) 5345
245 14 - TITLE STATEMENT
Title The blue book of grammar and punctuation :
Remainder of title an easy-to-use guide with clear rules, real-world examples, and reproducible quizzes /
Statement of responsibility, etc. Lester Kaufman, Jane Straus.
250 ## - EDITION STATEMENT
Edition statement 12
260 #1 - PUBLICATION, DISTRIBUTION, ETC.
Place of publication, distribution, etc. Hoboken, NJ :
Name of publisher, distributor, etc. Jossey-Bass,
Date of publication, distribution, etc. [2021]
300 ## - PHYSICAL DESCRIPTION
Extent 242 P.
500 ## - GENERAL NOTE
General note Includes index.
520 ## - SUMMARY, ETC.
Summary, etc. "The Blue Book of Grammar and Punctuation is a concise, entertaining workbook and guide to English grammar, punctuation, and usage. This user-friendly resource includes simple explanations of grammar, punctuation, and usage; scores of helpful examples; dozens of reproducible worksheets; and pre- and post-tests to help teach grammar to students of all ages. Appropriate for virtually any age range, this authoritative guide makes learning English grammar and usage simple and fun. This updated Twelfth Edition reflects the latest updates to English usage and grammar and features: Clear and concise, easy-to-follow, offering "just the facts"; Fully updated to reflect the latest rules in grammar and usage along with new quizzes; Ideal for students from seventh grade through adulthood in the US and abroad For anyone who wants to understand the major rules and subtle guidelines of English grammar and usage, The Blue Book of Grammar and Punctuation offers comprehensive, straightforward instruction"--
Assigning source Provided by publisher.
588 ## - SOURCE OF DESCRIPTION NOTE
Source of description note Description based on print version record and CIP data provided by publisher; resource not viewed.
650 #0 - SUBJECT ADDED ENTRY--TOPICAL TERM
Topical term or geographic name entry element English language
General subdivision Grammar.
9 (RLIN) 111
650 #0 - SUBJECT ADDED ENTRY--TOPICAL TERM
Topical term or geographic name entry element English language
General subdivision Grammar
Form subdivision Problems, exercises, etc.
9 (RLIN) 112
650 #0 - SUBJECT ADDED ENTRY--TOPICAL TERM
Topical term or geographic name entry element English language
General subdivision Punctuation.
9 (RLIN) 5346
650 #0 - SUBJECT ADDED ENTRY--TOPICAL TERM
Topical term or geographic name entry element English language
General subdivision Punctuation
Form subdivision Problems, exercises, etc.
9 (RLIN) 5347
700 1# - ADDED ENTRY--PERSONAL NAME
Personal name Straus, Jane,
Relator term author.
9 (RLIN) 5349
942 ## - ADDED ENTRY ELEMENTS (KOHA)
Koha item type Book
942 ## - ADDED ENTRY ELEMENTS (KOHA)
Source of classification or shelving scheme Dewey Decimal Classification
Holdings
Withdrawn status Lost status Source of classification or shelving scheme Damaged status Not for loan Home library Current library Date acquired Cost, normal purchase price Total checkouts Full call number Barcode Date last seen Cost, replacement price Price effective from Koha item type
    Dewey Decimal Classification     KCST Library KCST Library 09/11/2021 4.00   428.2 Ka Bl 1000000950 09/11/2021 4.00 09/11/2021 Book
    Dewey Decimal Classification     KCST Library KCST Library 09/11/2021 4.00   428.2 Ka Bl 1000000951 09/11/2021 4.00 09/11/2021 Book
    Dewey Decimal Classification     KCST Library KCST Library 09/11/2021 4.00   428.2 Ka Bl 1000000952 09/11/2021 4.00 09/11/2021 Book
© 2025 KCST. All rights reserved